00422nam a22001457a 450000500170000000800410001702000220005804100080008008200150008810000250010324500940012826000360022230000100025865000080026820210904120107.0200608b xxu||||| |||| 00| 0 eng d a978-93-84852-62-7 aeng a345.747 05 aPARANJAPE , DR. N.V. aTHE CODE OF CRIMINAL PROCEDURE: Along with juvenile justice (1973) ) (ACT. NO. 2 OF 1974) aALLAHABAD bCENTRAL LAW AGENCY  a949;p aLAW